000 01081nam a22002777a 4500
001 4225
003 FISKH
005 20240705105531.0
008 240705b cb ||||| |||| 00| 0 eng d
020 _a9780141380841
040 _aFISKH
_beng
_cFISKH
_dFISKH
050 _aPZ7
082 _a823.914
100 _aHolabird, Katharine
245 _aI want to be Angelina ballerina/
_cStory by Katharine Holabird ; Illustrations by Helen Craig
260 _aNew York :
_bPuffin Books,
_c2004
300 _a16 unnumbered pages :
_bcolor illustrations ;
_c26 cm
505 _aP
520 _aA gorgeous novelty book in which Angelina puts on a performance for her family and friends at home. While the reader follows the story, there are elements contained in the book (crown, tutu, wand, stickers and fairy dust) to enable them to dress up and put on their own performance.
521 8 _a650
_bLexile estimate
521 8 _aP
_bRaz-Plus
650 _aPerformance
_xBallet
700 _aCraig, Helen
_eillustrator
942 _2ddc
_cBK
_n0
999 _c4225
_d4225